<?xml version="1.0" encoding="UTF-8"?>
<collection xmlns="http://www.loc.gov/MARC21/slim">
 <record>
  <leader>26023nas a22020891  4500</leader>
  <controlfield tag="001">1/50150</controlfield>
  <controlfield tag="008">020531c19349999gr mnzp       0   g0gre d</controlfield>
  <datafield tag="022" ind1=" " ind2=" ">
   <subfield code="a">1109-1584</subfield>
  </datafield>
  <datafield tag="035" ind1=" " ind2=" ">
   <subfield code="l">22946</subfield>
  </datafield>
  <datafield tag="040" ind1=" " ind2=" ">
   <subfield code="a">GR-PeUP</subfield>
  </datafield>
  <datafield tag="090" ind1=" " ind2=" ">
   <subfield code="a">Αλφαβητική σειρά</subfield>
  </datafield>
  <datafield tag="245" ind1="0" ind2="0">
   <subfield code="a">Οικονομική :</subfield>
   <subfield code="b">επιθεώρηση</subfield>
  </datafield>
  <datafield tag="246" ind1="1" ind2="2">
   <subfield code="a">Βιομηχανική επιθεώρηση</subfield>
  </datafield>
  <datafield tag="260" ind1=" " ind2=" ">
   <subfield code="a">Αθήνα :</subfield>
   <subfield code="b">Εκδόσεις Κέρκυρα,</subfield>
   <subfield code="c">1934-</subfield>
  </datafield>
  <datafield tag="300" ind1=" " ind2=" ">
   <subfield code="a">τ. :</subfield>
   <subfield code="b">εικ. ;</subfield>
   <subfield code="c">29 εκ.</subfield>
  </datafield>
  <datafield tag="310" ind1=" " ind2=" ">
   <subfield code="a">Μηνιαίο</subfield>
  </datafield>
  <datafield tag="362" ind1="0" ind2=" ">
   <subfield code="a">Τομ. 44, τχ. 508 (Ιαν. 1977) - τ. 70, τχ. 797 (Δεκ. 2003)</subfield>
  </datafield>
  <datafield tag="362" ind1="0" ind2=" ">
   <subfield code="a">Τομ. 71, τχ. 798 (Ιαν. 2004)-</subfield>
  </datafield>
  <datafield tag="534" ind1=" " ind2=" ">
   <subfield code="a">Κλειστό Βιβλιοστάσιο.</subfield>
  </datafield>
  <datafield tag="546" ind1=" " ind2=" ">
   <subfield code="a">Ελληνική</subfield>
  </datafield>
  <datafield tag="650" ind1=" " ind2="4">
   <subfield code="a">Οικονομική</subfield>
   <subfield code="v">Περιοδικά.</subfield>
  </datafield>
  <datafield tag="650" ind1=" " ind2="4">
   <subfield code="a">Βιομηχανία</subfield>
   <subfield code="v">Περιοδικά.</subfield>
  </datafield>
  <datafield tag="852" ind1=" " ind2=" ">
   <subfield code="a">INST</subfield>
   <subfield code="b">UNIPILB</subfield>
   <subfield code="c">SERIALS</subfield>
   <subfield code="e">20050113</subfield>
   <subfield code="h">Αλφαβητική σειρά</subfield>
   <subfield code="p">38808</subfield>
   <subfield code="q">38808</subfield>
   <subfield code="t">NOLOAN</subfield>
   <subfield code="v">τομ.71;τεύχ.798:(Μήνας)Ιανουάριος;(Έτος)2004</subfield>
   <subfield code="y">23</subfield>
  </datafield>
  <datafield tag="852" ind1=" " ind2=" ">
   <subfield code="a">INST</subfield>
   <subfield code="b">UNIPILB</subfield>
   <subfield code="c">SERIALS</subfield>
   <subfield code="e">20050113</subfield>
   <subfield code="h">Αλφαβητική σειρά</subfield>
   <subfield code="p">38809</subfield>
   <subfield code="q">38809</subfield>
   <subfield code="t">NOLOAN</subfield>
   <subfield code="v">τομ.71;τεύχ.799:(Μήνας)Φεβρουάριος;(Έτος)2004</subfield>
   <subfield code="y">23</subfield>
  </datafield>
  <datafield tag="852" ind1=" " ind2=" ">
   <subfield code="a">INST</subfield>
   <subfield code="b">UNIPILB</subfield>
   <subfield code="c">SERIALS</subfield>
   <subfield code="e">20050113</subfield>
   <subfield code="h">Αλφαβητική σειρά</subfield>
   <subfield code="p">38810</subfield>
   <subfield code="q">38810</subfield>
   <subfield code="t">NOLOAN</subfield>
   <subfield code="v">τομ.71;τεύχ.800:(Μήνας)Μάρτιος;(Έτος)2004</subfield>
   <subfield code="y">23</subfield>
  </datafield>
  <datafield tag="852" ind1=" " ind2=" ">
   <subfield code="a">INST</subfield>
   <subfield code="b">UNIPILB</subfield>
   <subfield code="c">SERIALS</subfield>
   <subfield code="e">20050113</subfield>
   <subfield code="h">Αλφαβητική σειρά</subfield>
   <subfield code="p">38811</subfield>
   <subfield code="q">38811</subfield>
   <subfield code="t">NOLOAN</subfield>
   <subfield code="v">τομ.71;τεύχ.801:(Μήνας)Απρίλιος;(Έτος)2004</subfield>
   <subfield code="y">23</subfield>
  </datafield>
  <datafield tag="852" ind1=" " ind2=" ">
   <subfield code="a">INST</subfield>
   <subfield code="b">UNIPILB</subfield>
   <subfield code="c">SERIALS</subfield>
   <subfield code="e">20050113</subfield>
   <subfield code="h">Αλφαβητική σειρά</subfield>
   <subfield code="p">38812</subfield>
   <subfield code="q">38812</subfield>
   <subfield code="t">NOLOAN</subfield>
   <subfield code="v">τομ.71;τεύχ.802:(Μήνας)Μάιος;(Έτος)2004</subfield>
   <subfield code="y">23</subfield>
  </datafield>
  <datafield tag="852" ind1=" " ind2=" ">
   <subfield code="a">INST</subfield>
   <subfield code="b">UNIPILB</subfield>
   <subfield code="c">SERIALS</subfield>
   <subfield code="e">20050113</subfield>
   <subfield code="h">Αλφαβητική σειρά</subfield>
   <subfield code="p">38813</subfield>
   <subfield code="q">38813</subfield>
   <subfield code="t">NOLOAN</subfield>
   <subfield code="v">τομ.71;τεύχ.803:(Μήνας)Ιούνιος;(Έτος)2004</subfield>
   <subfield code="y">23</subfield>
  </datafield>
  <datafield tag="852" ind1=" " ind2=" ">
   <subfield code="a">INST</subfield>
   <subfield code="b">UNIPILB</subfield>
   <subfield code="c">SERIALS</subfield>
   <subfield code="e">20050113</subfield>
   <subfield code="h">Αλφαβητική σειρά</subfield>
   <subfield code="p">38814</subfield>
   <subfield code="q">38814</subfield>
   <subfield code="t">NOLOAN</subfield>
   <subfield code="v">τομ.71;τεύχ.804:(Μήνας)Ιούλιος;(Έτος)2004</subfield>
   <subfield code="y">23</subfield>
  </datafield>
  <datafield tag="852" ind1=" " ind2=" ">
   <subfield code="a">INST</subfield>
   <subfield code="b">UNIPILB</subfield>
   <subfield code="c">SERIALS</subfield>
   <subfield code="e">20050113</subfield>
   <subfield code="h">Αλφαβητική σειρά</subfield>
   <subfield code="p">38815</subfield>
   <subfield code="q">38815</subfield>
   <subfield code="t">NOLOAN</subfield>
   <subfield code="v">τομ.71;τεύχ.805:(Μήνας)Αύγουστος;(Έτος)2004</subfield>
   <subfield code="y">23</subfield>
  </datafield>
  <datafield tag="852" ind1=" " ind2=" ">
   <subfield code="a">INST</subfield>
   <subfield code="b">UNIPILB</subfield>
   <subfield code="c">SERIALS</subfield>
   <subfield code="e">20050113</subfield>
   <subfield code="h">Αλφαβητική σειρά</subfield>
   <subfield code="p">38816</subfield>
   <subfield code="q">38816</subfield>
   <subfield code="t">NOLOAN</subfield>
   <subfield code="v">τομ.71;τεύχ.806:(Μήνας)Σεπτέμβριος;(Έτος)2004</subfield>
   <subfield code="y">23</subfield>
  </datafield>
  <datafield tag="852" ind1=" " ind2=" ">
   <subfield code="a">INST</subfield>
   <subfield code="b">UNIPILB</subfield>
   <subfield code="c">SERIALS</subfield>
   <subfield code="e">20050113</subfield>
   <subfield code="h">Αλφαβητική σειρά</subfield>
   <subfield code="p">38817</subfield>
   <subfield code="q">38817</subfield>
   <subfield code="t">NOLOAN</subfield>
   <subfield code="v">τομ.71;τεύχ.807:(Μήνας)Οκτώβριος;(Έτος)2004</subfield>
   <subfield code="y">23</subfield>
  </datafield>
  <datafield tag="852" ind1=" " ind2=" ">
   <subfield code="a">INST</subfield>
   <subfield code="b">UNIPILB</subfield>
   <subfield code="c">SERIALS</subfield>
   <subfield code="e">20050113</subfield>
   <subfield code="h">Αλφαβητική σειρά</subfield>
   <subfield code="p">38818</subfield>
   <subfield code="q">38818</subfield>
   <subfield code="t">NOLOAN</subfield>
   <subfield code="v">τομ.71;τεύχ.808:(Μήνας)Νοέμβριος;(Έτος)2004</subfield>
   <subfield code="y">23</subfield>
  </datafield>
  <datafield tag="852" ind1=" " ind2=" ">
   <subfield code="a">INST</subfield>
   <subfield code="b">UNIPILB</subfield>
   <subfield code="c">SERIALS</subfield>
   <subfield code="e">20050113</subfield>
   <subfield code="h">Αλφαβητική σειρά</subfield>
   <subfield code="p">38819</subfield>
   <subfield code="q">38819</subfield>
   <subfield code="t">NOLOAN</subfield>
   <subfield code="v">τομ.71;τεύχ.809:(Μήνας)Δεκέμβριος;(Έτος)2004</subfield>
   <subfield code="y">23</subfield>
  </datafield>
  <datafield tag="852" ind1=" " ind2=" ">
   <subfield code="a">INST</subfield>
   <subfield code="b">UNIPILB</subfield>
   <subfield code="c">SERIALS</subfield>
   <subfield code="e">20050120</subfield>
   <subfield code="h">Αλφαβητική σειρά</subfield>
   <subfield code="p">39082</subfield>
   <subfield code="q">39082</subfield>
   <subfield code="t">NOLOAN</subfield>
   <subfield code="v">τομ.72;τεύχ.810:(Μήνας)Ιανουάριος;(Έτος)2005</subfield>
   <subfield code="y">23</subfield>
  </datafield>
  <datafield tag="852" ind1=" " ind2=" ">
   <subfield code="a">INST</subfield>
   <subfield code="b">UNIPILB</subfield>
   <subfield code="c">SERIALS</subfield>
   <subfield code="e">20050224</subfield>
   <subfield code="h">Αλφαβητική σειρά</subfield>
   <subfield code="p">40543</subfield>
   <subfield code="q">40543</subfield>
   <subfield code="t">NOLOAN</subfield>
   <subfield code="v">τομ.72;τεύχ.811:(Μήνας)Φεβρουάριος;(Έτος)2005</subfield>
   <subfield code="y">23</subfield>
  </datafield>
  <datafield tag="852" ind1=" " ind2=" ">
   <subfield code="a">INST</subfield>
   <subfield code="b">UNIPILB</subfield>
   <subfield code="c">SERIALS</subfield>
   <subfield code="e">20050322</subfield>
   <subfield code="h">Αλφαβητική σειρά</subfield>
   <subfield code="p">41551</subfield>
   <subfield code="q">41551</subfield>
   <subfield code="t">NOLOAN</subfield>
   <subfield code="v">τομ.72;τεύχ.812:(Μήνας)Μάρτιος;(Έτος)2005</subfield>
   <subfield code="y">23</subfield>
  </datafield>
  <datafield tag="852" ind1=" " ind2=" ">
   <subfield code="a">INST</subfield>
   <subfield code="b">UNIPILB</subfield>
   <subfield code="c">SERIALS</subfield>
   <subfield code="e">20050422</subfield>
   <subfield code="h">Αλφαβητική σειρά</subfield>
   <subfield code="p">42741</subfield>
   <subfield code="q">42741</subfield>
   <subfield code="t">NOLOAN</subfield>
   <subfield code="v">τομ.72;τεύχ.813:(Μήνας)Απρίλιος;(Έτος)2005</subfield>
   <subfield code="y">23</subfield>
  </datafield>
  <datafield tag="852" ind1=" " ind2=" ">
   <subfield code="a">INST</subfield>
   <subfield code="b">UNIPILB</subfield>
   <subfield code="c">SERIALS</subfield>
   <subfield code="e">20050517</subfield>
   <subfield code="h">Αλφαβητική σειρά</subfield>
   <subfield code="p">43173</subfield>
   <subfield code="q">43173</subfield>
   <subfield code="t">NOLOAN</subfield>
   <subfield code="v">τομ.72;τεύχ.814:(Μήνας)Μάιος;(Έτος)2005</subfield>
   <subfield code="y">23</subfield>
  </datafield>
  <datafield tag="852" ind1=" " ind2=" ">
   <subfield code="a">INST</subfield>
   <subfield code="b">UNIPILB</subfield>
   <subfield code="c">SERIALS</subfield>
   <subfield code="e">20050617</subfield>
   <subfield code="h">Αλφαβητική σειρά</subfield>
   <subfield code="p">44029</subfield>
   <subfield code="q">44029</subfield>
   <subfield code="t">NOLOAN</subfield>
   <subfield code="v">τομ.72;τεύχ.815:(Μήνας)Ιούνιος;(Έτος)2005</subfield>
   <subfield code="y">23</subfield>
  </datafield>
  <datafield tag="852" ind1=" " ind2=" ">
   <subfield code="a">INST</subfield>
   <subfield code="b">UNIPILB</subfield>
   <subfield code="c">SERIALS</subfield>
   <subfield code="e">20050715</subfield>
   <subfield code="h">Αλφαβητική σειρά</subfield>
   <subfield code="p">44776</subfield>
   <subfield code="q">44776</subfield>
   <subfield code="t">NOLOAN</subfield>
   <subfield code="v">τομ.72;τεύχ.816:(Μήνας)Ιούλιος;(Έτος)2005</subfield>
   <subfield code="y">23</subfield>
  </datafield>
  <datafield tag="852" ind1=" " ind2=" ">
   <subfield code="a">INST</subfield>
   <subfield code="b">UNIPILB</subfield>
   <subfield code="c">SERIALS</subfield>
   <subfield code="e">20050825</subfield>
   <subfield code="h">Αλφαβητική σειρά</subfield>
   <subfield code="p">45515</subfield>
   <subfield code="q">45515</subfield>
   <subfield code="t">NOLOAN</subfield>
   <subfield code="v">τομ.72;τεύχ.817:(Μήνας)Αύγουστος;(Έτος)2005</subfield>
   <subfield code="y">23</subfield>
  </datafield>
  <datafield tag="852" ind1=" " ind2=" ">
   <subfield code="a">INST</subfield>
   <subfield code="b">UNIPILB</subfield>
   <subfield code="c">SERIALS</subfield>
   <subfield code="e">20051020</subfield>
   <subfield code="h">Αλφαβητική σειρά</subfield>
   <subfield code="p">47828</subfield>
   <subfield code="q">47828</subfield>
   <subfield code="t">NOLOAN</subfield>
   <subfield code="v">τομ.72;τεύχ.818:(Μήνας)Σεπτέμβριος;(Έτος)2005</subfield>
   <subfield code="y">23</subfield>
  </datafield>
  <datafield tag="852" ind1=" " ind2=" ">
   <subfield code="a">INST</subfield>
   <subfield code="b">UNIPILB</subfield>
   <subfield code="c">SERIALS</subfield>
   <subfield code="e">20051020</subfield>
   <subfield code="h">Αλφαβητική σειρά</subfield>
   <subfield code="p">47829</subfield>
   <subfield code="q">47829</subfield>
   <subfield code="t">NOLOAN</subfield>
   <subfield code="v">τομ.72;τεύχ.819:(Μήνας)Οκτώβριος;(Έτος)2005</subfield>
   <subfield code="y">23</subfield>
  </datafield>
  <datafield tag="852" ind1=" " ind2=" ">
   <subfield code="a">INST</subfield>
   <subfield code="b">UNIPILB</subfield>
   <subfield code="c">SERIALS</subfield>
   <subfield code="e">20051111</subfield>
   <subfield code="h">Αλφαβητική σειρά</subfield>
   <subfield code="p">48260</subfield>
   <subfield code="q">48260</subfield>
   <subfield code="t">NOLOAN</subfield>
   <subfield code="v">τομ.72;τεύχ.820:(Μήνας)Νοέμβριος;(Έτος)2005</subfield>
   <subfield code="y">23</subfield>
  </datafield>
  <datafield tag="852" ind1=" " ind2=" ">
   <subfield code="a">INST</subfield>
   <subfield code="b">UNIPILB</subfield>
   <subfield code="c">SERIALS</subfield>
   <subfield code="e">20051219</subfield>
   <subfield code="h">Αλφαβητική σειρά</subfield>
   <subfield code="p">49238</subfield>
   <subfield code="q">49238</subfield>
   <subfield code="t">NOLOAN</subfield>
   <subfield code="v">τομ.72;τεύχ.821:(Μήνας)Δεκέμβριος;(Έτος)2005</subfield>
   <subfield code="y">23</subfield>
  </datafield>
  <datafield tag="852" ind1=" " ind2=" ">
   <subfield code="a">INST</subfield>
   <subfield code="b">UNIPILB</subfield>
   <subfield code="c">SERIALS</subfield>
   <subfield code="e">20060116</subfield>
   <subfield code="h">Αλφαβητική σειρά</subfield>
   <subfield code="p">49598</subfield>
   <subfield code="q">49598</subfield>
   <subfield code="t">NOLOAN</subfield>
   <subfield code="v">τομ.73;τεύχ.822:(Μήνας)Ιανουάριος;(Έτος)2006</subfield>
   <subfield code="y">23</subfield>
  </datafield>
  <datafield tag="852" ind1=" " ind2=" ">
   <subfield code="a">INST</subfield>
   <subfield code="b">UNIPILB</subfield>
   <subfield code="c">SERIALS</subfield>
   <subfield code="e">20060228</subfield>
   <subfield code="h">Αλφαβητική σειρά</subfield>
   <subfield code="p">50591</subfield>
   <subfield code="q">50591</subfield>
   <subfield code="t">NOLOAN</subfield>
   <subfield code="v">τομ.73;τεύχ.823:(Μήνας)Φεβρουάριος;(Έτος)2006</subfield>
   <subfield code="y">23</subfield>
  </datafield>
  <datafield tag="852" ind1=" " ind2=" ">
   <subfield code="a">INST</subfield>
   <subfield code="b">UNIPILB</subfield>
   <subfield code="c">SERIALS</subfield>
   <subfield code="e">20060322</subfield>
   <subfield code="h">Αλφαβητική σειρά</subfield>
   <subfield code="p">50962</subfield>
   <subfield code="q">50962</subfield>
   <subfield code="t">NOLOAN</subfield>
   <subfield code="v">τομ.73;τεύχ.824:(Μήνας)Μάρτιος;(Έτος)2006</subfield>
   <subfield code="y">23</subfield>
  </datafield>
  <datafield tag="852" ind1=" " ind2=" ">
   <subfield code="a">INST</subfield>
   <subfield code="b">UNIPILB</subfield>
   <subfield code="c">SERIALS</subfield>
   <subfield code="e">20060418</subfield>
   <subfield code="h">Αλφαβητική σειρά</subfield>
   <subfield code="p">51293</subfield>
   <subfield code="q">51293</subfield>
   <subfield code="t">NOLOAN</subfield>
   <subfield code="v">τομ.73;τεύχ.825:(Μήνας)Απρίλιος;(Έτος)2006</subfield>
   <subfield code="y">23</subfield>
  </datafield>
  <datafield tag="852" ind1=" " ind2=" ">
   <subfield code="a">INST</subfield>
   <subfield code="b">UNIPILB</subfield>
   <subfield code="c">SERIALS</subfield>
   <subfield code="e">20060519</subfield>
   <subfield code="h">Αλφαβητική σειρά</subfield>
   <subfield code="p">51617</subfield>
   <subfield code="q">51617</subfield>
   <subfield code="t">NOLOAN</subfield>
   <subfield code="v">τομ.73;τεύχ.826:(Μήνας)Μάιος;(Έτος)2006</subfield>
   <subfield code="y">23</subfield>
  </datafield>
  <datafield tag="852" ind1=" " ind2=" ">
   <subfield code="a">INST</subfield>
   <subfield code="b">UNIPILB</subfield>
   <subfield code="c">SERIALS</subfield>
   <subfield code="e">20060704</subfield>
   <subfield code="h">Αλφαβητική σειρά</subfield>
   <subfield code="p">51755</subfield>
   <subfield code="q">51755</subfield>
   <subfield code="t">NOLOAN</subfield>
   <subfield code="v">τομ.73;τεύχ.827:(Μήνας)Ιούνιος;(Έτος)2006</subfield>
   <subfield code="y">23</subfield>
  </datafield>
  <datafield tag="852" ind1=" " ind2=" ">
   <subfield code="a">INST</subfield>
   <subfield code="b">UNIPILB</subfield>
   <subfield code="c">SERIALS</subfield>
   <subfield code="e">20060822</subfield>
   <subfield code="h">Αλφαβητική σειρά</subfield>
   <subfield code="p">52297</subfield>
   <subfield code="q">52297</subfield>
   <subfield code="t">NOLOAN</subfield>
   <subfield code="v">τομ.73;τεύχ.828:(Μήνας)Ιούλιος;(Έτος)2006</subfield>
   <subfield code="y">23</subfield>
  </datafield>
  <datafield tag="852" ind1=" " ind2=" ">
   <subfield code="a">INST</subfield>
   <subfield code="b">UNIPILB</subfield>
   <subfield code="c">SERIALS</subfield>
   <subfield code="e">20060823</subfield>
   <subfield code="h">Αλφαβητική σειρά</subfield>
   <subfield code="p">52321</subfield>
   <subfield code="q">52321</subfield>
   <subfield code="t">NOLOAN</subfield>
   <subfield code="v">τομ.73;τεύχ.829:(Μήνας)Αύγουστος;(Έτος)2006</subfield>
   <subfield code="y">23</subfield>
  </datafield>
  <datafield tag="852" ind1=" " ind2=" ">
   <subfield code="a">INST</subfield>
   <subfield code="b">UNIPILB</subfield>
   <subfield code="c">SERIALS</subfield>
   <subfield code="e">20060921</subfield>
   <subfield code="h">Αλφαβητική σειρά</subfield>
   <subfield code="p">52839</subfield>
   <subfield code="q">52839</subfield>
   <subfield code="t">NOLOAN</subfield>
   <subfield code="v">τομ.73;τεύχ.830:(Μήνας)Σεπτέμβριος;(Έτος)2006</subfield>
   <subfield code="y">23</subfield>
  </datafield>
  <datafield tag="852" ind1=" " ind2=" ">
   <subfield code="a">INST</subfield>
   <subfield code="b">UNIPILB</subfield>
   <subfield code="c">SERIALS</subfield>
   <subfield code="e">20061030</subfield>
   <subfield code="h">Αλφαβητική σειρά</subfield>
   <subfield code="p">53321</subfield>
   <subfield code="q">53321</subfield>
   <subfield code="t">NOLOAN</subfield>
   <subfield code="v">τομ.73;τεύχ.831:(Μήνας)Οκτώβριος;(Έτος)2006</subfield>
   <subfield code="y">23</subfield>
  </datafield>
  <datafield tag="852" ind1=" " ind2=" ">
   <subfield code="a">INST</subfield>
   <subfield code="b">UNIPILB</subfield>
   <subfield code="c">SERIALS</subfield>
   <subfield code="e">20061116</subfield>
   <subfield code="h">Αλφαβητική σειρά</subfield>
   <subfield code="p">53651</subfield>
   <subfield code="q">53651</subfield>
   <subfield code="t">NOLOAN</subfield>
   <subfield code="v">τομ.73;τεύχ.832:(Μήνας)Νοέμβριος;(Έτος)2006</subfield>
   <subfield code="y">23</subfield>
  </datafield>
  <datafield tag="852" ind1=" " ind2=" ">
   <subfield code="a">INST</subfield>
   <subfield code="b">UNIPILB</subfield>
   <subfield code="c">SERIALS</subfield>
   <subfield code="e">20061219</subfield>
   <subfield code="h">Αλφαβητική σειρά</subfield>
   <subfield code="p">53978</subfield>
   <subfield code="q">53978</subfield>
   <subfield code="t">NOLOAN</subfield>
   <subfield code="v">τομ.73;τεύχ.833:(Μήνας)Δεκέμβριος;(Έτος)2006</subfield>
   <subfield code="y">23</subfield>
  </datafield>
  <datafield tag="852" ind1=" " ind2=" ">
   <subfield code="a">INST</subfield>
   <subfield code="b">UNIPILB</subfield>
   <subfield code="c">SERIALS</subfield>
   <subfield code="e">20070118</subfield>
   <subfield code="h">Αλφαβητική σειρά</subfield>
   <subfield code="p">54172</subfield>
   <subfield code="q">54172</subfield>
   <subfield code="t">NOLOAN</subfield>
   <subfield code="v">τομ.74;τεύχ.834:(Μήνας)Ιανουάριος;(Έτος)2007</subfield>
   <subfield code="y">23</subfield>
  </datafield>
  <datafield tag="852" ind1=" " ind2=" ">
   <subfield code="a">INST</subfield>
   <subfield code="b">UNIPILB</subfield>
   <subfield code="c">SERIALS</subfield>
   <subfield code="e">20070314</subfield>
   <subfield code="h">Αλφαβητική σειρά</subfield>
   <subfield code="p">54951</subfield>
   <subfield code="q">54951</subfield>
   <subfield code="t">NOLOAN</subfield>
   <subfield code="v">τομ.74;τεύχ.835:(Μήνας)Φεβρουάριος;(Έτος)2007</subfield>
   <subfield code="y">23</subfield>
  </datafield>
  <datafield tag="852" ind1=" " ind2=" ">
   <subfield code="a">INST</subfield>
   <subfield code="b">UNIPILB</subfield>
   <subfield code="c">SERIALS</subfield>
   <subfield code="e">20070404</subfield>
   <subfield code="h">Αλφαβητική σειρά</subfield>
   <subfield code="p">55144</subfield>
   <subfield code="q">55144</subfield>
   <subfield code="t">NOLOAN</subfield>
   <subfield code="v">τομ.74;τεύχ.836:(Μήνας)Μάρτιος;(Έτος)2007</subfield>
   <subfield code="y">23</subfield>
  </datafield>
  <datafield tag="852" ind1=" " ind2=" ">
   <subfield code="a">INST</subfield>
   <subfield code="b">UNIPILB</subfield>
   <subfield code="c">SERIALS</subfield>
   <subfield code="e">20070413</subfield>
   <subfield code="h">Αλφαβητική σειρά</subfield>
   <subfield code="p">55256</subfield>
   <subfield code="q">55256</subfield>
   <subfield code="t">NOLOAN</subfield>
   <subfield code="v">τομ.74;τεύχ.837:(Μήνας)Απρίλιος;(Έτος)2007</subfield>
   <subfield code="y">23</subfield>
  </datafield>
  <datafield tag="852" ind1=" " ind2=" ">
   <subfield code="a">INST</subfield>
   <subfield code="b">UNIPILB</subfield>
   <subfield code="c">SERIALS</subfield>
   <subfield code="e">20070523</subfield>
   <subfield code="h">Αλφαβητική σειρά</subfield>
   <subfield code="p">55744</subfield>
   <subfield code="q">55744</subfield>
   <subfield code="t">NOLOAN</subfield>
   <subfield code="v">τομ.74;τεύχ.838:(Μήνας)Μάιος;(Έτος)2007</subfield>
   <subfield code="y">23</subfield>
  </datafield>
  <datafield tag="852" ind1=" " ind2=" ">
   <subfield code="a">INST</subfield>
   <subfield code="b">UNIPILB</subfield>
   <subfield code="c">SERIALS</subfield>
   <subfield code="e">20070619</subfield>
   <subfield code="h">Αλφαβητική σειρά</subfield>
   <subfield code="p">56004</subfield>
   <subfield code="q">56004</subfield>
   <subfield code="t">NOLOAN</subfield>
   <subfield code="v">τομ.74;τεύχ.839:(Μήνας)Ιούνιος;(Έτος)2007</subfield>
   <subfield code="y">23</subfield>
  </datafield>
  <datafield tag="852" ind1=" " ind2=" ">
   <subfield code="a">INST</subfield>
   <subfield code="b">UNIPILB</subfield>
   <subfield code="c">SERIALS</subfield>
   <subfield code="e">20070716</subfield>
   <subfield code="h">Αλφαβητική σειρά</subfield>
   <subfield code="p">56316</subfield>
   <subfield code="q">56316</subfield>
   <subfield code="t">NOLOAN</subfield>
   <subfield code="v">τομ.74;τεύχ.840:(Μήνας)Ιούλιος;(Έτος)2007</subfield>
   <subfield code="y">23</subfield>
  </datafield>
  <datafield tag="852" ind1=" " ind2=" ">
   <subfield code="a">INST</subfield>
   <subfield code="b">UNIPILB</subfield>
   <subfield code="c">SERIALS</subfield>
   <subfield code="e">20070823</subfield>
   <subfield code="h">Αλφαβητική σειρά</subfield>
   <subfield code="p">56488</subfield>
   <subfield code="q">56488</subfield>
   <subfield code="t">NOLOAN</subfield>
   <subfield code="v">τομ.74;τεύχ.841:(Μήνας)Αύγουστος;(Έτος)2007</subfield>
   <subfield code="y">23</subfield>
  </datafield>
  <datafield tag="852" ind1=" " ind2=" ">
   <subfield code="a">INST</subfield>
   <subfield code="b">UNIPILB</subfield>
   <subfield code="c">SERIALS</subfield>
   <subfield code="e">20071010</subfield>
   <subfield code="h">Αλφαβητική σειρά</subfield>
   <subfield code="p">57518</subfield>
   <subfield code="q">57518</subfield>
   <subfield code="t">NOLOAN</subfield>
   <subfield code="v">τομ.74;τεύχ.842:(Μήνας)Σεπτέμβριος;(Έτος)2007</subfield>
   <subfield code="y">23</subfield>
  </datafield>
  <datafield tag="852" ind1=" " ind2=" ">
   <subfield code="a">INST</subfield>
   <subfield code="b">UNIPILB</subfield>
   <subfield code="c">SERIALS</subfield>
   <subfield code="e">20071010</subfield>
   <subfield code="h">Αλφαβητική σειρά</subfield>
   <subfield code="p">57519</subfield>
   <subfield code="q">57519</subfield>
   <subfield code="t">NOLOAN</subfield>
   <subfield code="v">τομ.74;τεύχ.843:(Μήνας)Οκτώβριος;(Έτος)2007</subfield>
   <subfield code="y">23</subfield>
  </datafield>
  <datafield tag="852" ind1=" " ind2=" ">
   <subfield code="a">INST</subfield>
   <subfield code="b">UNIPILB</subfield>
   <subfield code="c">SERIALS</subfield>
   <subfield code="e">20071115</subfield>
   <subfield code="h">Αλφαβητική σειρά</subfield>
   <subfield code="p">58427</subfield>
   <subfield code="q">58427</subfield>
   <subfield code="t">NOLOAN</subfield>
   <subfield code="v">τομ.74;τεύχ.844:(Μήνας)Νοέμβριος;(Έτος)2007</subfield>
   <subfield code="y">23</subfield>
  </datafield>
  <datafield tag="852" ind1=" " ind2=" ">
   <subfield code="a">INST</subfield>
   <subfield code="b">UNIPILB</subfield>
   <subfield code="c">SERIALS</subfield>
   <subfield code="e">20080108</subfield>
   <subfield code="h">Αλφαβητική σειρά</subfield>
   <subfield code="p">59271</subfield>
   <subfield code="q">59271</subfield>
   <subfield code="t">NOLOAN</subfield>
   <subfield code="v">τομ.74;τεύχ.845:(Μήνας)Δεκέμβριος;(Έτος)2007</subfield>
   <subfield code="y">23</subfield>
  </datafield>
  <datafield tag="852" ind1=" " ind2=" ">
   <subfield code="a">INST</subfield>
   <subfield code="b">UNIPILB</subfield>
   <subfield code="c">SERIALS</subfield>
   <subfield code="e">20080124</subfield>
   <subfield code="h">Αλφαβητική σειρά</subfield>
   <subfield code="p">59501</subfield>
   <subfield code="q">59501</subfield>
   <subfield code="t">NOLOAN</subfield>
   <subfield code="v">τομ.75;τεύχ.846:(Μήνας)Ιανουάριος;(Έτος)2008</subfield>
   <subfield code="y">23</subfield>
  </datafield>
  <datafield tag="852" ind1=" " ind2=" ">
   <subfield code="a">INST</subfield>
   <subfield code="b">UNIPILB</subfield>
   <subfield code="c">SERIALS</subfield>
   <subfield code="e">20080215</subfield>
   <subfield code="h">Αλφαβητική σειρά</subfield>
   <subfield code="p">59730</subfield>
   <subfield code="q">59730</subfield>
   <subfield code="t">NOLOAN</subfield>
   <subfield code="v">τομ.75;τεύχ.847:(Μήνας)Φεβρουάριος;(Έτος)2008</subfield>
   <subfield code="y">23</subfield>
  </datafield>
  <datafield tag="852" ind1=" " ind2=" ">
   <subfield code="a">INST</subfield>
   <subfield code="b">UNIPILB</subfield>
   <subfield code="c">SERIALS</subfield>
   <subfield code="e">20080321</subfield>
   <subfield code="h">Αλφαβητική σειρά</subfield>
   <subfield code="p">60307</subfield>
   <subfield code="q">60307</subfield>
   <subfield code="t">NOLOAN</subfield>
   <subfield code="v">τομ.75;τεύχ.848:(Μήνας)Μάρτιος;(Έτος)2008</subfield>
   <subfield code="y">23</subfield>
  </datafield>
  <datafield tag="852" ind1=" " ind2=" ">
   <subfield code="a">INST</subfield>
   <subfield code="b">UNIPILB</subfield>
   <subfield code="c">SERIALS</subfield>
   <subfield code="e">20080506</subfield>
   <subfield code="h">Αλφαβητική σειρά</subfield>
   <subfield code="p">60571</subfield>
   <subfield code="q">60571</subfield>
   <subfield code="t">NOLOAN</subfield>
   <subfield code="v">τομ.75;τεύχ.849:(Μήνας)Απρίλιος;(Έτος)2008</subfield>
   <subfield code="y">23</subfield>
  </datafield>
  <datafield tag="852" ind1=" " ind2=" ">
   <subfield code="a">INST</subfield>
   <subfield code="b">UNIPILB</subfield>
   <subfield code="c">SERIALS</subfield>
   <subfield code="e">20080529</subfield>
   <subfield code="h">Αλφαβητική σειρά</subfield>
   <subfield code="p">60648</subfield>
   <subfield code="q">60648</subfield>
   <subfield code="t">NOLOAN</subfield>
   <subfield code="v">τομ.75;τεύχ.850:(Μήνας)Μάιος;(Έτος)2008</subfield>
   <subfield code="y">23</subfield>
  </datafield>
  <datafield tag="852" ind1=" " ind2=" ">
   <subfield code="a">INST</subfield>
   <subfield code="b">UNIPILB</subfield>
   <subfield code="c">SERIALS</subfield>
   <subfield code="e">20080626</subfield>
   <subfield code="h">Αλφαβητική σειρά</subfield>
   <subfield code="p">60852</subfield>
   <subfield code="q">60852</subfield>
   <subfield code="t">NOLOAN</subfield>
   <subfield code="v">τομ.75;τεύχ.851:(Μήνας)Ιούνιος;(Έτος)2008</subfield>
   <subfield code="y">23</subfield>
  </datafield>
  <datafield tag="852" ind1=" " ind2=" ">
   <subfield code="a">INST</subfield>
   <subfield code="b">UNIPILB</subfield>
   <subfield code="c">SERIALS</subfield>
   <subfield code="e">20080715</subfield>
   <subfield code="h">Αλφαβητική σειρά</subfield>
   <subfield code="p">61051</subfield>
   <subfield code="q">61051</subfield>
   <subfield code="t">NOLOAN</subfield>
   <subfield code="v">τομ.75;τεύχ.852:(Μήνας)Ιούλιος;(Έτος)2008</subfield>
   <subfield code="y">23</subfield>
  </datafield>
  <datafield tag="852" ind1=" " ind2=" ">
   <subfield code="a">INST</subfield>
   <subfield code="b">UNIPILB</subfield>
   <subfield code="c">SERIALS</subfield>
   <subfield code="e">20080829</subfield>
   <subfield code="h">Αλφαβητική σειρά</subfield>
   <subfield code="p">61314</subfield>
   <subfield code="q">61314</subfield>
   <subfield code="t">NOLOAN</subfield>
   <subfield code="v">τομ.75;τεύχ.853:(Μήνας)Αύγουστος;(Έτος)2008</subfield>
   <subfield code="y">23</subfield>
  </datafield>
  <datafield tag="852" ind1=" " ind2=" ">
   <subfield code="a">INST</subfield>
   <subfield code="b">UNIPILB</subfield>
   <subfield code="c">SERIALS</subfield>
   <subfield code="e">20080930</subfield>
   <subfield code="h">Αλφαβητική σειρά</subfield>
   <subfield code="p">61622</subfield>
   <subfield code="q">61622</subfield>
   <subfield code="t">NOLOAN</subfield>
   <subfield code="v">τομ.75;τεύχ.854:(Μήνας)Σεπτέμβριος;(Έτος)2008</subfield>
   <subfield code="y">23</subfield>
  </datafield>
  <datafield tag="852" ind1=" " ind2=" ">
   <subfield code="a">INST</subfield>
   <subfield code="b">UNIPILB</subfield>
   <subfield code="c">SERIALS</subfield>
   <subfield code="e">20081118</subfield>
   <subfield code="h">Αλφαβητική σειρά</subfield>
   <subfield code="p">62080</subfield>
   <subfield code="q">62080</subfield>
   <subfield code="t">NOLOAN</subfield>
   <subfield code="v">τομ.75;τεύχ.855:(Μήνας)Νοέμβριος;(Έτος)2008</subfield>
   <subfield code="y">23</subfield>
  </datafield>
  <datafield tag="852" ind1=" " ind2=" ">
   <subfield code="a">INST</subfield>
   <subfield code="b">UNIPILB</subfield>
   <subfield code="c">SERIALS</subfield>
   <subfield code="e">20081119</subfield>
   <subfield code="h">Αλφαβητική σειρά</subfield>
   <subfield code="p">62109</subfield>
   <subfield code="q">62109</subfield>
   <subfield code="t">NOLOAN</subfield>
   <subfield code="v">τομ.75;τεύχ.856:(Μήνας)Νοέμβριος;(Έτος)2008</subfield>
   <subfield code="y">23</subfield>
  </datafield>
  <datafield tag="852" ind1=" " ind2=" ">
   <subfield code="a">INST</subfield>
   <subfield code="b">UNIPILB</subfield>
   <subfield code="c">SERIALS</subfield>
   <subfield code="e">20090122</subfield>
   <subfield code="h">Αλφαβητική σειρά</subfield>
   <subfield code="p">62502</subfield>
   <subfield code="q">62502</subfield>
   <subfield code="t">NOLOAN</subfield>
   <subfield code="v">τομ.75;τεύχ.857:(Μήνας)Δεκέμβριος;(Έτος)2008</subfield>
   <subfield code="y">23</subfield>
  </datafield>
  <datafield tag="852" ind1=" " ind2=" ">
   <subfield code="a">INST</subfield>
   <subfield code="b">UNIPILB</subfield>
   <subfield code="c">SERIALS</subfield>
   <subfield code="e">20090225</subfield>
   <subfield code="h">Αλφαβητική σειρά</subfield>
   <subfield code="p">63161</subfield>
   <subfield code="q">63161</subfield>
   <subfield code="t">NOLOAN</subfield>
   <subfield code="v">τομ.76;τεύχ.858:(Μήνας)Ιανουάριος;(Έτος)2009</subfield>
   <subfield code="y">23</subfield>
  </datafield>
  <datafield tag="852" ind1=" " ind2=" ">
   <subfield code="a">INST</subfield>
   <subfield code="b">UNIPILB</subfield>
   <subfield code="c">SERIALS</subfield>
   <subfield code="e">20090225</subfield>
   <subfield code="h">Αλφαβητική σειρά</subfield>
   <subfield code="p">63162</subfield>
   <subfield code="q">63162</subfield>
   <subfield code="t">NOLOAN</subfield>
   <subfield code="v">τομ.76;τεύχ.859:(Μήνας)Φεβρουάριος;(Έτος)2009</subfield>
   <subfield code="y">23</subfield>
  </datafield>
  <datafield tag="852" ind1=" " ind2=" ">
   <subfield code="a">INST</subfield>
   <subfield code="b">UNIPILB</subfield>
   <subfield code="c">SERIALS</subfield>
   <subfield code="e">20090317</subfield>
   <subfield code="h">Αλφαβητική σειρά</subfield>
   <subfield code="p">63591</subfield>
   <subfield code="q">63591</subfield>
   <subfield code="t">NOLOAN</subfield>
   <subfield code="v">τομ.76;τεύχ.860:(Μήνας)Μάρτιος;(Έτος)2009</subfield>
   <subfield code="y">23</subfield>
  </datafield>
  <datafield tag="852" ind1=" " ind2=" ">
   <subfield code="a">INST</subfield>
   <subfield code="b">UNIPILB</subfield>
   <subfield code="c">SERIALS</subfield>
   <subfield code="e">20090511</subfield>
   <subfield code="h">Αλφαβητική σειρά</subfield>
   <subfield code="p">64041</subfield>
   <subfield code="q">64041</subfield>
   <subfield code="t">NOLOAN</subfield>
   <subfield code="v">τομ.76;τεύχ.861:(Μήνας)Απρίλιος;(Έτος)2009</subfield>
   <subfield code="y">23</subfield>
  </datafield>
  <datafield tag="852" ind1=" " ind2=" ">
   <subfield code="a">INST</subfield>
   <subfield code="b">UNIPILB</subfield>
   <subfield code="c">SERIALS</subfield>
   <subfield code="e">20090518</subfield>
   <subfield code="h">Αλφαβητική σειρά</subfield>
   <subfield code="p">64103</subfield>
   <subfield code="q">64103</subfield>
   <subfield code="t">NOLOAN</subfield>
   <subfield code="v">τομ.76;τεύχ.862:(Μήνας)Μάιος;(Έτος)2009</subfield>
   <subfield code="y">23</subfield>
  </datafield>
  <datafield tag="852" ind1=" " ind2=" ">
   <subfield code="a">INST</subfield>
   <subfield code="b">UNIPILB</subfield>
   <subfield code="c">SERIALS</subfield>
   <subfield code="e">20090629</subfield>
   <subfield code="h">Αλφαβητική σειρά</subfield>
   <subfield code="p">64321</subfield>
   <subfield code="q">64321</subfield>
   <subfield code="t">NOLOAN</subfield>
   <subfield code="v">τομ.76;τεύχ.863:(Μήνας)Ιούνιος;(Έτος)2009</subfield>
   <subfield code="y">23</subfield>
  </datafield>
  <datafield tag="852" ind1=" " ind2=" ">
   <subfield code="a">INST</subfield>
   <subfield code="b">UNIPILB</subfield>
   <subfield code="c">SERIALS</subfield>
   <subfield code="e">20090720</subfield>
   <subfield code="h">Αλφαβητική σειρά</subfield>
   <subfield code="p">64439</subfield>
   <subfield code="q">64439</subfield>
   <subfield code="t">NOLOAN</subfield>
   <subfield code="v">τομ.76;τεύχ.864:(Μήνας)Ιούλιος;(Έτος)2009</subfield>
   <subfield code="y">23</subfield>
  </datafield>
  <datafield tag="852" ind1=" " ind2=" ">
   <subfield code="a">INST</subfield>
   <subfield code="b">UNIPILB</subfield>
   <subfield code="c">SERIALS</subfield>
   <subfield code="e">20090901</subfield>
   <subfield code="h">Αλφαβητική σειρά</subfield>
   <subfield code="p">64542</subfield>
   <subfield code="q">64542</subfield>
   <subfield code="t">NOLOAN</subfield>
   <subfield code="v">τομ.76;τεύχ.865:(Μήνας)Αύγουστος;(Έτος)2009</subfield>
   <subfield code="y">23</subfield>
  </datafield>
  <datafield tag="852" ind1=" " ind2=" ">
   <subfield code="a">INST</subfield>
   <subfield code="b">UNIPILB</subfield>
   <subfield code="c">SERIALS</subfield>
   <subfield code="e">20090921</subfield>
   <subfield code="h">Αλφαβητική σειρά</subfield>
   <subfield code="p">64698</subfield>
   <subfield code="q">64698</subfield>
   <subfield code="t">NOLOAN</subfield>
   <subfield code="v">τομ.76;τεύχ.866:(Μήνας)Σεπτέμβριος;(Έτος)2009</subfield>
   <subfield code="y">23</subfield>
  </datafield>
  <datafield tag="852" ind1=" " ind2=" ">
   <subfield code="a">INST</subfield>
   <subfield code="b">UNIPILB</subfield>
   <subfield code="c">SERIALS</subfield>
   <subfield code="e">20091111</subfield>
   <subfield code="h">Αλφαβητική σειρά</subfield>
   <subfield code="p">65362</subfield>
   <subfield code="q">65362</subfield>
   <subfield code="t">NOLOAN</subfield>
   <subfield code="v">τομ.76;τεύχ.867:(Μήνας)Οκτώβριος;(Έτος)2009</subfield>
   <subfield code="y">23</subfield>
  </datafield>
  <datafield tag="852" ind1=" " ind2=" ">
   <subfield code="a">INST</subfield>
   <subfield code="b">UNIPILB</subfield>
   <subfield code="c">SERIALS</subfield>
   <subfield code="e">20091111</subfield>
   <subfield code="h">Αλφαβητική σειρά</subfield>
   <subfield code="p">65371</subfield>
   <subfield code="q">65371</subfield>
   <subfield code="t">NOLOAN</subfield>
   <subfield code="v">τομ.76;τεύχ.868:(Μήνας)Νοέμβριος;(Έτος)2009</subfield>
   <subfield code="y">23</subfield>
  </datafield>
  <datafield tag="852" ind1=" " ind2=" ">
   <subfield code="a">INST</subfield>
   <subfield code="b">UNIPILB</subfield>
   <subfield code="c">SERIALS</subfield>
   <subfield code="e">20091214</subfield>
   <subfield code="h">Αλφαβητική σειρά</subfield>
   <subfield code="p">65832</subfield>
   <subfield code="q">65832</subfield>
   <subfield code="t">NOLOAN</subfield>
   <subfield code="v">τομ.76;τεύχ.869:(Μήνας)Δεκέμβριος;(Έτος)2009</subfield>
   <subfield code="y">23</subfield>
  </datafield>
  <datafield tag="852" ind1=" " ind2=" ">
   <subfield code="a">INST</subfield>
   <subfield code="b">UNIPILB</subfield>
   <subfield code="c">SERIALS</subfield>
   <subfield code="e">20100118</subfield>
   <subfield code="h">Αλφαβητική σειρά</subfield>
   <subfield code="p">66292</subfield>
   <subfield code="q">66292</subfield>
   <subfield code="t">NOLOAN</subfield>
   <subfield code="v">τομ.77;τεύχ.870:(Μήνας)Ιανουάριος;(Έτος)2010</subfield>
   <subfield code="y">23</subfield>
  </datafield>
  <datafield tag="852" ind1=" " ind2=" ">
   <subfield code="a">INST</subfield>
   <subfield code="b">UNIPILB</subfield>
   <subfield code="c">SERIALS</subfield>
   <subfield code="e">20100217</subfield>
   <subfield code="h">Αλφαβητική σειρά</subfield>
   <subfield code="p">66901</subfield>
   <subfield code="q">66901</subfield>
   <subfield code="t">NOLOAN</subfield>
   <subfield code="v">τομ.77;τεύχ.871:(Μήνας)Φεβρουάριος;(Έτος)2010</subfield>
   <subfield code="y">23</subfield>
  </datafield>
  <datafield tag="852" ind1=" " ind2=" ">
   <subfield code="a">INST</subfield>
   <subfield code="b">UNIPILB</subfield>
   <subfield code="c">SERIALS</subfield>
   <subfield code="e">20100419</subfield>
   <subfield code="h">Αλφαβητική σειρά</subfield>
   <subfield code="p">67921</subfield>
   <subfield code="q">67921</subfield>
   <subfield code="t">NOLOAN</subfield>
   <subfield code="v">τομ.77;τεύχ.872:(Μήνας)Μάρτιος;(Έτος)2010</subfield>
   <subfield code="y">23</subfield>
  </datafield>
  <datafield tag="852" ind1=" " ind2=" ">
   <subfield code="a">INST</subfield>
   <subfield code="b">UNIPILB</subfield>
   <subfield code="c">SERIALS</subfield>
   <subfield code="e">20100429</subfield>
   <subfield code="h">Αλφαβητική σειρά</subfield>
   <subfield code="p">67980</subfield>
   <subfield code="q">67980</subfield>
   <subfield code="t">NOLOAN</subfield>
   <subfield code="v">τομ.77;τεύχ.873:(Μήνας)Απρίλιος;(Έτος)2010</subfield>
   <subfield code="y">23</subfield>
  </datafield>
  <datafield tag="852" ind1=" " ind2=" ">
   <subfield code="a">INST</subfield>
   <subfield code="b">UNIPILB</subfield>
   <subfield code="c">SERIALS</subfield>
   <subfield code="e">20100610</subfield>
   <subfield code="h">Αλφαβητική σειρά</subfield>
   <subfield code="p">68326</subfield>
   <subfield code="q">68326</subfield>
   <subfield code="t">NOLOAN</subfield>
   <subfield code="v">τομ.77;τεύχ.874:(Μήνας)Μάιος;(Έτος)2010</subfield>
   <subfield code="y">23</subfield>
  </datafield>
  <datafield tag="852" ind1=" " ind2=" ">
   <subfield code="a">INST</subfield>
   <subfield code="b">UNIPILB</subfield>
   <subfield code="c">SERIALS</subfield>
   <subfield code="e">20100617</subfield>
   <subfield code="h">Αλφαβητική σειρά</subfield>
   <subfield code="p">68470</subfield>
   <subfield code="q">68470</subfield>
   <subfield code="t">NOLOAN</subfield>
   <subfield code="v">τομ.77;τεύχ.875:(Μήνας)Ιούνιος;(Έτος)2010</subfield>
   <subfield code="y">23</subfield>
  </datafield>
  <datafield tag="852" ind1=" " ind2=" ">
   <subfield code="a">INST</subfield>
   <subfield code="b">UNIPILB</subfield>
   <subfield code="c">SERIALS</subfield>
   <subfield code="e">20100707</subfield>
   <subfield code="h">Αλφαβητική σειρά</subfield>
   <subfield code="p">69452</subfield>
   <subfield code="q">69452</subfield>
   <subfield code="t">NOLOAN</subfield>
   <subfield code="v">τομ.77;τεύχ.876:(Μήνας)Ιούλιος;(Έτος)2010</subfield>
   <subfield code="y">23</subfield>
  </datafield>
  <datafield tag="852" ind1=" " ind2=" ">
   <subfield code="a">INST</subfield>
   <subfield code="b">UNIPILB</subfield>
   <subfield code="c">SERIALS</subfield>
   <subfield code="e">20101025</subfield>
   <subfield code="h">Αλφαβητική σειρά</subfield>
   <subfield code="p">70401</subfield>
   <subfield code="q">70401</subfield>
   <subfield code="t">NOLOAN</subfield>
   <subfield code="v">τομ.77;τεύχ.878:(Μήνας)Σεπτέμβριος;(Έτος)2010</subfield>
   <subfield code="y">23</subfield>
  </datafield>
  <datafield tag="852" ind1=" " ind2=" ">
   <subfield code="a">INST</subfield>
   <subfield code="b">UNIPILB</subfield>
   <subfield code="c">SERIALS</subfield>
   <subfield code="e">20101025</subfield>
   <subfield code="h">Αλφαβητική σειρά</subfield>
   <subfield code="p">70402</subfield>
   <subfield code="q">70402</subfield>
   <subfield code="t">NOLOAN</subfield>
   <subfield code="v">τομ.77;τεύχ.879:(Μήνας)Οκτώβριος;(Έτος)2010</subfield>
   <subfield code="y">23</subfield>
  </datafield>
  <datafield tag="852" ind1=" " ind2=" ">
   <subfield code="a">INST</subfield>
   <subfield code="b">UNIPILB</subfield>
   <subfield code="c">SERIALS</subfield>
   <subfield code="e">20101115</subfield>
   <subfield code="h">Αλφαβητική σειρά</subfield>
   <subfield code="p">70595</subfield>
   <subfield code="q">70595</subfield>
   <subfield code="t">NOLOAN</subfield>
   <subfield code="v">τομ.77;τεύχ.880:(Μήνας)Νοέμβριος;(Έτος)2010</subfield>
   <subfield code="y">23</subfield>
  </datafield>
  <datafield tag="852" ind1=" " ind2=" ">
   <subfield code="a">INST</subfield>
   <subfield code="b">UNIPILB</subfield>
   <subfield code="c">SERIALS</subfield>
   <subfield code="e">20101221</subfield>
   <subfield code="h">Αλφαβητική σειρά</subfield>
   <subfield code="p">70742</subfield>
   <subfield code="q">70742</subfield>
   <subfield code="t">NOLOAN</subfield>
   <subfield code="v">τομ.77;τεύχ.881:(Μήνας)Δεκέμβριος;(Έτος)2010</subfield>
   <subfield code="y">23</subfield>
  </datafield>
  <datafield tag="852" ind1=" " ind2=" ">
   <subfield code="a">INST</subfield>
   <subfield code="b">UNIPILB</subfield>
   <subfield code="c">SERIALS</subfield>
   <subfield code="e">20110111</subfield>
   <subfield code="h">Αλφαβητική σειρά</subfield>
   <subfield code="p">70768</subfield>
   <subfield code="q">70768</subfield>
   <subfield code="t">NOLOAN</subfield>
   <subfield code="v">τομ.78;τεύχ.882:(Μήνας)Ιανουάριος;(Έτος)2011</subfield>
   <subfield code="y">23</subfield>
  </datafield>
  <datafield tag="852" ind1=" " ind2=" ">
   <subfield code="a">INST</subfield>
   <subfield code="b">UNIPILB</subfield>
   <subfield code="c">SERIALS</subfield>
   <subfield code="e">20110228</subfield>
   <subfield code="h">Αλφαβητική σειρά</subfield>
   <subfield code="p">71219</subfield>
   <subfield code="q">71219</subfield>
   <subfield code="t">NOLOAN</subfield>
   <subfield code="v">τομ.78;τεύχ.883:(Μήνας)Φεβρουάριος;(Έτος)2011</subfield>
   <subfield code="y">23</subfield>
  </datafield>
  <datafield tag="852" ind1=" " ind2=" ">
   <subfield code="a">INST</subfield>
   <subfield code="b">UNIPILB</subfield>
   <subfield code="c">SERIALS</subfield>
   <subfield code="e">20110316</subfield>
   <subfield code="h">Αλφαβητική σειρά</subfield>
   <subfield code="p">71410</subfield>
   <subfield code="q">71410</subfield>
   <subfield code="t">NOLOAN</subfield>
   <subfield code="v">τομ.78;τεύχ.884:(Μήνας)Μάρτιος;(Έτος)2011</subfield>
   <subfield code="y">23</subfield>
  </datafield>
  <datafield tag="852" ind1=" " ind2=" ">
   <subfield code="a">INST</subfield>
   <subfield code="b">UNIPILB</subfield>
   <subfield code="c">SERIALS</subfield>
   <subfield code="e">20110418</subfield>
   <subfield code="h">Αλφαβητική σειρά</subfield>
   <subfield code="p">71619</subfield>
   <subfield code="q">71619</subfield>
   <subfield code="t">NOLOAN</subfield>
   <subfield code="v">τομ.78;τεύχ.885:(Μήνας)Απρίλιος;(Έτος)2011</subfield>
   <subfield code="y">23</subfield>
  </datafield>
  <datafield tag="852" ind1=" " ind2=" ">
   <subfield code="a">INST</subfield>
   <subfield code="b">UNIPILB</subfield>
   <subfield code="c">SERIALS</subfield>
   <subfield code="e">20110524</subfield>
   <subfield code="h">Αλφαβητική σειρά</subfield>
   <subfield code="p">71838</subfield>
   <subfield code="q">71838</subfield>
   <subfield code="t">NOLOAN</subfield>
   <subfield code="v">τομ.78;τεύχ.886:(Μήνας)Μάιος;(Έτος)2011</subfield>
   <subfield code="y">23</subfield>
  </datafield>
  <datafield tag="852" ind1=" " ind2=" ">
   <subfield code="a">INST</subfield>
   <subfield code="b">UNIPILB</subfield>
   <subfield code="c">SERIALS</subfield>
   <subfield code="e">20110616</subfield>
   <subfield code="h">Αλφαβητική σειρά</subfield>
   <subfield code="p">71922</subfield>
   <subfield code="q">71922</subfield>
   <subfield code="t">NOLOAN</subfield>
   <subfield code="v">τομ.78;τεύχ.887:(Μήνας)Ιούνιος;(Έτος)2011</subfield>
   <subfield code="y">23</subfield>
  </datafield>
  <datafield tag="852" ind1=" " ind2=" ">
   <subfield code="a">INST</subfield>
   <subfield code="b">UNIPILB</subfield>
   <subfield code="c">SERIALS</subfield>
   <subfield code="e">20110715</subfield>
   <subfield code="h">Αλφαβητική σειρά</subfield>
   <subfield code="p">72291</subfield>
   <subfield code="q">72291</subfield>
   <subfield code="t">NOLOAN</subfield>
   <subfield code="v">τομ.78;τεύχ.888:(Μήνας)Ιούλιος;(Έτος)2011</subfield>
   <subfield code="y">23</subfield>
  </datafield>
  <datafield tag="852" ind1=" " ind2=" ">
   <subfield code="a">INST</subfield>
   <subfield code="b">UNIPILB</subfield>
   <subfield code="c">SERIALS</subfield>
   <subfield code="e">20110923</subfield>
   <subfield code="h">Αλφαβητική σειρά</subfield>
   <subfield code="p">72706</subfield>
   <subfield code="q">72706</subfield>
   <subfield code="t">NOLOAN</subfield>
   <subfield code="v">τομ.78;τεύχ.889:(Μήνας)Αύγουστος;(Έτος)2011</subfield>
   <subfield code="y">23</subfield>
  </datafield>
  <datafield tag="852" ind1=" " ind2=" ">
   <subfield code="a">INST</subfield>
   <subfield code="b">UNIPILB</subfield>
   <subfield code="c">SERIALS</subfield>
   <subfield code="e">20110923</subfield>
   <subfield code="h">Αλφαβητική σειρά</subfield>
   <subfield code="p">72707</subfield>
   <subfield code="q">72707</subfield>
   <subfield code="t">NOLOAN</subfield>
   <subfield code="v">τομ.78;τεύχ.890:(Μήνας)Σεπτέμβριος;(Έτος)2011</subfield>
   <subfield code="y">23</subfield>
  </datafield>
  <datafield tag="852" ind1=" " ind2=" ">
   <subfield code="a">INST</subfield>
   <subfield code="b">UNIPILB</subfield>
   <subfield code="c">SERIALS</subfield>
   <subfield code="e">20111101</subfield>
   <subfield code="h">Αλφαβητική σειρά</subfield>
   <subfield code="p">73205</subfield>
   <subfield code="q">73205</subfield>
   <subfield code="t">NOLOAN</subfield>
   <subfield code="v">τομ.78;τεύχ.891:(Μήνας)Οκτώβριος;(Έτος)2011</subfield>
   <subfield code="y">23</subfield>
  </datafield>
  <datafield tag="852" ind1=" " ind2=" ">
   <subfield code="a">INST</subfield>
   <subfield code="b">UNIPILB</subfield>
   <subfield code="c">SERIALS</subfield>
   <subfield code="e">20111221</subfield>
   <subfield code="h">Αλφαβητική σειρά</subfield>
   <subfield code="p">73880</subfield>
   <subfield code="q">73880</subfield>
   <subfield code="t">NOLOAN</subfield>
   <subfield code="v">τομ.78;τεύχ.893:(Μήνας)Δεκέμβριος;(Έτος)2011</subfield>
   <subfield code="y">23</subfield>
  </datafield>
  <datafield tag="852" ind1=" " ind2=" ">
   <subfield code="a">INST</subfield>
   <subfield code="b">UNIPILB</subfield>
   <subfield code="c">SERIALS</subfield>
   <subfield code="e">20120120</subfield>
   <subfield code="h">Αλφαβητική σειρά</subfield>
   <subfield code="p">74186</subfield>
   <subfield code="q">74186</subfield>
   <subfield code="t">NOLOAN</subfield>
   <subfield code="v">τομ.79;τεύχ.894:(Μήνας)Ιανουάριος;(Έτος)2012</subfield>
   <subfield code="y">23</subfield>
  </datafield>
  <datafield tag="852" ind1=" " ind2=" ">
   <subfield code="a">INST</subfield>
   <subfield code="b">UNIPILB</subfield>
   <subfield code="c">SERIALS</subfield>
   <subfield code="e">20120215</subfield>
   <subfield code="h">Αλφαβητική σειρά</subfield>
   <subfield code="p">74491</subfield>
   <subfield code="q">74491</subfield>
   <subfield code="t">NOLOAN</subfield>
   <subfield code="v">τομ.79;τεύχ.895:(Μήνας)Φεβρουάριος;(Έτος)2012</subfield>
   <subfield code="y">23</subfield>
  </datafield>
  <datafield tag="852" ind1=" " ind2=" ">
   <subfield code="a">INST</subfield>
   <subfield code="b">UNIPILB</subfield>
   <subfield code="c">SERIALS</subfield>
   <subfield code="e">20120307</subfield>
   <subfield code="h">Αλφαβητική σειρά</subfield>
   <subfield code="p">74839</subfield>
   <subfield code="q">74839</subfield>
   <subfield code="t">NOLOAN</subfield>
   <subfield code="v">τομ.78;τεύχ.892:(Μήνας)Νοέμβριος;(Έτος)2011</subfield>
   <subfield code="y">23</subfield>
  </datafield>
  <datafield tag="852" ind1=" " ind2=" ">
   <subfield code="a">INST</subfield>
   <subfield code="b">UNIPILB</subfield>
   <subfield code="c">SERIALS</subfield>
   <subfield code="e">20120322</subfield>
   <subfield code="h">Αλφαβητική σειρά</subfield>
   <subfield code="p">75054</subfield>
   <subfield code="q">75054</subfield>
   <subfield code="t">NOLOAN</subfield>
   <subfield code="v">τομ.79;τεύχ.896:(Μήνας)Μάρτιος;(Έτος)2012</subfield>
   <subfield code="y">23</subfield>
  </datafield>
  <datafield tag="852" ind1=" " ind2=" ">
   <subfield code="a">INST</subfield>
   <subfield code="b">UNIPILB</subfield>
   <subfield code="c">SERIALS</subfield>
   <subfield code="e">20120423</subfield>
   <subfield code="h">Αλφαβητική σειρά</subfield>
   <subfield code="p">75244</subfield>
   <subfield code="q">75244</subfield>
   <subfield code="t">NOLOAN</subfield>
   <subfield code="v">τομ.79;τεύχ.897:(Μήνας)Απρίλιος;(Έτος)2012</subfield>
   <subfield code="y">23</subfield>
  </datafield>
  <datafield tag="852" ind1=" " ind2=" ">
   <subfield code="a">INST</subfield>
   <subfield code="b">UNIPILB</subfield>
   <subfield code="c">SERIALS</subfield>
   <subfield code="e">20120620</subfield>
   <subfield code="h">Αλφαβητική σειρά</subfield>
   <subfield code="p">75793</subfield>
   <subfield code="q">75793</subfield>
   <subfield code="t">NOLOAN</subfield>
   <subfield code="v">τομ.79;τεύχ.899:(Μήνας)Ιούνιος;(Έτος)2012</subfield>
   <subfield code="y">23</subfield>
  </datafield>
  <datafield tag="852" ind1=" " ind2=" ">
   <subfield code="a">INST</subfield>
   <subfield code="b">UNIPILB</subfield>
   <subfield code="c">SERIALS</subfield>
   <subfield code="e">20120717</subfield>
   <subfield code="h">Αλφαβητική σειρά</subfield>
   <subfield code="p">76080</subfield>
   <subfield code="q">76080</subfield>
   <subfield code="t">NOLOAN</subfield>
   <subfield code="v">τομ.79;τεύχ.900:(Μήνας)Ιούλιος;(Έτος)2012</subfield>
   <subfield code="y">23</subfield>
  </datafield>
  <datafield tag="852" ind1=" " ind2=" ">
   <subfield code="a">INST</subfield>
   <subfield code="b">UNIPILB</subfield>
   <subfield code="c">SERIALS</subfield>
   <subfield code="e">20120903</subfield>
   <subfield code="h">Αλφαβητική σειρά</subfield>
   <subfield code="p">76366</subfield>
   <subfield code="q">76366</subfield>
   <subfield code="t">NOLOAN</subfield>
   <subfield code="v">τομ.79;τεύχ.901:(Μήνας)Αύγουστος;(Έτος)2012</subfield>
   <subfield code="y">23</subfield>
  </datafield>
  <datafield tag="852" ind1=" " ind2=" ">
   <subfield code="a">INST</subfield>
   <subfield code="b">UNIPILB</subfield>
   <subfield code="c">SERIALS</subfield>
   <subfield code="e">20121004</subfield>
   <subfield code="h">Αλφαβητική σειρά</subfield>
   <subfield code="p">76688</subfield>
   <subfield code="q">76688</subfield>
   <subfield code="t">NOLOAN</subfield>
   <subfield code="v">τομ.79;τεύχ.902:(Μήνας)Σεπτέμβριος;(Έτος)2012</subfield>
   <subfield code="y">23</subfield>
  </datafield>
  <datafield tag="852" ind1=" " ind2=" ">
   <subfield code="a">INST</subfield>
   <subfield code="b">UNIPILB</subfield>
   <subfield code="c">SERIALS</subfield>
   <subfield code="e">20121016</subfield>
   <subfield code="h">Αλφαβητική σειρά</subfield>
   <subfield code="p">76903</subfield>
   <subfield code="q">76903</subfield>
   <subfield code="t">NOLOAN</subfield>
   <subfield code="v">τομ.79;τεύχ.903:(Μήνας)Οκτώβριος;(Έτος)2012</subfield>
   <subfield code="y">23</subfield>
  </datafield>
  <datafield tag="852" ind1=" " ind2=" ">
   <subfield code="a">INST</subfield>
   <subfield code="b">UNIPILB</subfield>
   <subfield code="c">SERIALS</subfield>
   <subfield code="e">20121113</subfield>
   <subfield code="h">Αλφαβητική σειρά</subfield>
   <subfield code="p">77094</subfield>
   <subfield code="q">77094</subfield>
   <subfield code="t">NOLOAN</subfield>
   <subfield code="v">τομ.79;τεύχ.904:(Μήνας)Νοέμβριος;(Έτος)2012</subfield>
   <subfield code="y">23</subfield>
  </datafield>
  <datafield tag="852" ind1=" " ind2=" ">
   <subfield code="a">INST</subfield>
   <subfield code="b">UNIPILB</subfield>
   <subfield code="c">SERIALS</subfield>
   <subfield code="e">20130108</subfield>
   <subfield code="h">Αλφαβητική σειρά</subfield>
   <subfield code="p">77434</subfield>
   <subfield code="q">77434</subfield>
   <subfield code="t">NOLOAN</subfield>
   <subfield code="v">τομ.79;τεύχ.905:(Μήνας)Δεκέμβριος;(Έτος)2012</subfield>
   <subfield code="y">23</subfield>
  </datafield>
  <datafield tag="852" ind1=" " ind2=" ">
   <subfield code="a">INST</subfield>
   <subfield code="b">UNIPILB</subfield>
   <subfield code="c">SERIALS</subfield>
   <subfield code="e">20130116</subfield>
   <subfield code="h">Αλφαβητική σειρά</subfield>
   <subfield code="p">77512</subfield>
   <subfield code="q">77512</subfield>
   <subfield code="t">NOLOAN</subfield>
   <subfield code="v">τομ.80;τεύχ.906:(Μήνας)Ιανουάριος;(Έτος)2013</subfield>
   <subfield code="y">23</subfield>
  </datafield>
  <datafield tag="852" ind1=" " ind2=" ">
   <subfield code="a">INST</subfield>
   <subfield code="b">UNIPILB</subfield>
   <subfield code="c">SERIALS</subfield>
   <subfield code="e">20130228</subfield>
   <subfield code="h">Αλφαβητική σειρά</subfield>
   <subfield code="p">78247</subfield>
   <subfield code="q">78247</subfield>
   <subfield code="t">NOLOAN</subfield>
   <subfield code="v">τομ.80;τεύχ.907:(Μήνας)Φεβρουάριος;(Έτος)2013</subfield>
   <subfield code="y">23</subfield>
  </datafield>
  <datafield tag="852" ind1=" " ind2=" ">
   <subfield code="a">INST</subfield>
   <subfield code="b">UNIPILB</subfield>
   <subfield code="c">SERIALS</subfield>
   <subfield code="e">20130328</subfield>
   <subfield code="h">Αλφαβητική σειρά</subfield>
   <subfield code="p">78608</subfield>
   <subfield code="q">78608</subfield>
   <subfield code="t">NOLOAN</subfield>
   <subfield code="v">τομ.80;τεύχ.908:(Μήνας)Μάρτιος;(Έτος)2013</subfield>
   <subfield code="y">23</subfield>
  </datafield>
  <datafield tag="852" ind1=" " ind2=" ">
   <subfield code="a">INST</subfield>
   <subfield code="b">UNIPILB</subfield>
   <subfield code="c">SERIALS</subfield>
   <subfield code="e">20130415</subfield>
   <subfield code="h">Αλφαβητική σειρά</subfield>
   <subfield code="p">79058</subfield>
   <subfield code="q">79058</subfield>
   <subfield code="t">NOLOAN</subfield>
   <subfield code="v">τομ.80;τεύχ.909:(Μήνας)Απρίλιος;(Έτος)2013</subfield>
   <subfield code="y">23</subfield>
  </datafield>
  <datafield tag="852" ind1=" " ind2=" ">
   <subfield code="a">INST</subfield>
   <subfield code="b">UNIPILB</subfield>
   <subfield code="c">SERIALS</subfield>
   <subfield code="e">20130513</subfield>
   <subfield code="h">Αλφαβητική σειρά</subfield>
   <subfield code="p">79456</subfield>
   <subfield code="q">79456</subfield>
   <subfield code="t">NOLOAN</subfield>
   <subfield code="v">τομ.80;τεύχ.910:(Μήνας)Μάιος;(Έτος)2013</subfield>
   <subfield code="y">23</subfield>
  </datafield>
  <datafield tag="852" ind1=" " ind2=" ">
   <subfield code="a">INST</subfield>
   <subfield code="b">UNIPILB</subfield>
   <subfield code="c">SERIALS</subfield>
   <subfield code="e">20130614</subfield>
   <subfield code="h">Αλφαβητική σειρά</subfield>
   <subfield code="p">80115</subfield>
   <subfield code="q">80115</subfield>
   <subfield code="t">NOLOAN</subfield>
   <subfield code="v">τομ.80;τεύχ.911:(Μήνας)Ιούνιος;(Έτος)2013</subfield>
   <subfield code="y">23</subfield>
  </datafield>
  <datafield tag="852" ind1=" " ind2=" ">
   <subfield code="a">INST</subfield>
   <subfield code="b">UNIPILB</subfield>
   <subfield code="c">SERIALS</subfield>
   <subfield code="e">20130723</subfield>
   <subfield code="h">Αλφαβητική σειρά</subfield>
   <subfield code="p">80660</subfield>
   <subfield code="q">80660</subfield>
   <subfield code="t">NOLOAN</subfield>
   <subfield code="v">τομ.80;τεύχ.912:(Μήνας)Ιούλιος;(Έτος)2013</subfield>
   <subfield code="y">23</subfield>
  </datafield>
  <datafield tag="852" ind1=" " ind2=" ">
   <subfield code="a">INST</subfield>
   <subfield code="b">UNIPILB</subfield>
   <subfield code="c">SERIALS</subfield>
   <subfield code="e">20130909</subfield>
   <subfield code="h">Αλφαβητική σειρά</subfield>
   <subfield code="p">80843</subfield>
   <subfield code="q">80843</subfield>
   <subfield code="t">NOLOAN</subfield>
   <subfield code="v">τομ.80;τεύχ.913:(Μήνας)Αύγουστος;(Έτος)2013</subfield>
   <subfield code="y">23</subfield>
  </datafield>
  <datafield tag="852" ind1=" " ind2=" ">
   <subfield code="a">INST</subfield>
   <subfield code="b">UNIPILB</subfield>
   <subfield code="c">SERIALS</subfield>
   <subfield code="e">20131002</subfield>
   <subfield code="h">Αλφαβητική σειρά</subfield>
   <subfield code="p">81029</subfield>
   <subfield code="q">81029</subfield>
   <subfield code="t">NOLOAN</subfield>
   <subfield code="v">τομ.80;τεύχ.914:(Μήνας)Σεπτέμβριος;(Έτος)2013</subfield>
   <subfield code="y">23</subfield>
  </datafield>
  <datafield tag="852" ind1=" " ind2=" ">
   <subfield code="a">INST</subfield>
   <subfield code="b">UNIPILB</subfield>
   <subfield code="c">SERIALS</subfield>
   <subfield code="e">20131014</subfield>
   <subfield code="h">Αλφαβητική σειρά</subfield>
   <subfield code="p">81070</subfield>
   <subfield code="q">81070</subfield>
   <subfield code="t">NOLOAN</subfield>
   <subfield code="v">τομ.80;τεύχ.915:(Μήνας)Οκτώβριος;(Έτος)2013</subfield>
   <subfield code="y">23</subfield>
  </datafield>
  <datafield tag="852" ind1=" " ind2=" ">
   <subfield code="a">INST</subfield>
   <subfield code="b">UNIPILB</subfield>
   <subfield code="c">SERIALS</subfield>
   <subfield code="e">20131128</subfield>
   <subfield code="h">Αλφαβητική σειρά</subfield>
   <subfield code="p">81532</subfield>
   <subfield code="q">81532</subfield>
   <subfield code="t">NOLOAN</subfield>
   <subfield code="v">τομ.80;τεύχ.916:(Μήνας)Νοέμβριος;(Έτος)2013</subfield>
   <subfield code="y">23</subfield>
  </datafield>
  <datafield tag="852" ind1=" " ind2=" ">
   <subfield code="a">INST</subfield>
   <subfield code="b">UNIPILB</subfield>
   <subfield code="c">SERIALS</subfield>
   <subfield code="e">20131219</subfield>
   <subfield code="h">Αλφαβητική σειρά</subfield>
   <subfield code="p">81668</subfield>
   <subfield code="q">81668</subfield>
   <subfield code="t">NOLOAN</subfield>
   <subfield code="v">τομ.80;τεύχ.917:(Μήνας)Δεκέμβριος;(Έτος)2013</subfield>
   <subfield code="y">23</subfield>
  </datafield>
  <datafield tag="852" ind1=" " ind2=" ">
   <subfield code="a">INST</subfield>
   <subfield code="b">UNIPILB</subfield>
   <subfield code="c">SERIALS</subfield>
   <subfield code="e">20140114</subfield>
   <subfield code="h">Αλφαβητική σειρά</subfield>
   <subfield code="p">81851</subfield>
   <subfield code="q">81851</subfield>
   <subfield code="t">NOLOAN</subfield>
   <subfield code="v">τομ.81;τεύχ.918:(Μήνας)Ιανουάριος;(Έτος)2014</subfield>
   <subfield code="y">23</subfield>
  </datafield>
  <datafield tag="852" ind1=" " ind2=" ">
   <subfield code="a">INST</subfield>
   <subfield code="b">UNIPILB</subfield>
   <subfield code="c">SERIALS</subfield>
   <subfield code="e">20140210</subfield>
   <subfield code="h">Αλφαβητική σειρά</subfield>
   <subfield code="p">82009</subfield>
   <subfield code="q">82009</subfield>
   <subfield code="t">NOLOAN</subfield>
   <subfield code="v">τομ.81;τεύχ.919:(Μήνας)Φεβρουάριος;(Έτος)2014</subfield>
   <subfield code="y">23</subfield>
  </datafield>
  <datafield tag="852" ind1=" " ind2=" ">
   <subfield code="a">INST</subfield>
   <subfield code="b">UNIPILB</subfield>
   <subfield code="c">SERIALS</subfield>
   <subfield code="e">20140210</subfield>
   <subfield code="h">Αλφαβητική σειρά</subfield>
   <subfield code="p">82010</subfield>
   <subfield code="q">82010</subfield>
   <subfield code="t">NOLOAN</subfield>
   <subfield code="v">τομ.Η Ελλάδα στην προεδρία της Ευρωπαϊκής Ένωσης:(Μήνας)Φεβρουάριος;(Έτος)2014</subfield>
   <subfield code="y">23</subfield>
  </datafield>
  <datafield tag="856" ind1="4" ind2="1">
   <subfield code="u">http://www.oikonomiki.gr</subfield>
  </datafield>
  <datafield tag="900" ind1=" " ind2=" ">
   <subfield code="a">Τομ. 81 τχ. 921 (Απρίλιος 2014)</subfield>
   <subfield code="b">Οφειλόμενο</subfield>
   <subfield code="c">13/06/2017</subfield>
  </datafield>
  <datafield tag="900" ind1=" " ind2=" ">
   <subfield code="a">Τομ. 77 τχ. 877 (Αύγουστος 2010)</subfield>
   <subfield code="b">Οφειλόμενο</subfield>
   <subfield code="c">10/10/2010</subfield>
  </datafield>
  <datafield tag="900" ind1=" " ind2=" ">
   <subfield code="a">Τομ. 79 τχ. 898 (Μάιος 2012)</subfield>
   <subfield code="b">Οφειλόμενο</subfield>
   <subfield code="c">25/07/2012</subfield>
  </datafield>
  <datafield tag="900" ind1=" " ind2=" ">
   <subfield code="a">Τομ. 81 τχ. 920 (Μάρτιος 2014)</subfield>
   <subfield code="b">Οφειλόμενο</subfield>
   <subfield code="c">13/06/2017</subfield>
  </datafield>
  <datafield tag="950" ind1=" " ind2=" ">
   <subfield code="a">01/01/2004</subfield>
   <subfield code="c">ΚΕΡΚΥΡΑ ΜΟΝΟΠΡΟΣΩΠΗ Ε.Π.Ε.</subfield>
   <subfield code="d">126</subfield>
  </datafield>
  <datafield tag="951" ind1=" " ind2=" ">
   <subfield code="a">Ειδική έκδοση για τους Ολυμπιακούς αγώνες τχ.8</subfield>
   <subfield code="b">Supplements</subfield>
  </datafield>
  <datafield tag="951" ind1=" " ind2=" ">
   <subfield code="a">Η Ελλάδα στην προεδρία της Ευρωπαϊκής Ένωσης ( 2014)</subfield>
   <subfield code="b">Advance Sheets</subfield>
  </datafield>
  <datafield tag="951" ind1=" " ind2=" ">
   <subfield code="a">Ευρετήριο για το έτος 2002 τομ. 69</subfield>
   <subfield code="b">Indexes</subfield>
  </datafield>
  <datafield tag="951" ind1=" " ind2=" ">
   <subfield code="a">Ευρετήριο για το έτος 2003 τομ. 70</subfield>
   <subfield code="b">Indexes</subfield>
  </datafield>
  <datafield tag="951" ind1=" " ind2=" ">
   <subfield code="a">Τομ. 28 τχ. 321 (Ιουλ. 1961) - Τομ. 30 τχ. 350 (Δεκ. 1963)</subfield>
   <subfield code="b">Main run</subfield>
  </datafield>
  <datafield tag="951" ind1=" " ind2=" ">
   <subfield code="a">Τομ. 44 τχ. 508 (Ιαν. 1977) - Τομ. 70 τχ. 797 (Δεκ. 2003)  ()</subfield>
   <subfield code="b">Main run</subfield>
  </datafield>
  <datafield tag="951" ind1=" " ind2=" ">
   <subfield code="a">Τομ. 71 τχ. 798 (Ιανουάριος 2004) - Τομ. 71 Τχ. 809 (Δεκέμβριος 2004)</subfield>
   <subfield code="b">Main run</subfield>
  </datafield>
  <datafield tag="951" ind1=" " ind2=" ">
   <subfield code="a">Τομ. 72 τχ. 810 (Ιανουάριος 2005) - Τομ. 72 τχ. 821 (Δεκέμβριος 2005)</subfield>
   <subfield code="b">Main run</subfield>
  </datafield>
  <datafield tag="951" ind1=" " ind2=" ">
   <subfield code="a">Τομ. 73 τχ. 822 (Ιανουάριος 2006) - Τομ. 73 τχ. 833 (Δεκέμβριος 2006)</subfield>
   <subfield code="b">Main run</subfield>
  </datafield>
  <datafield tag="951" ind1=" " ind2=" ">
   <subfield code="a">Τομ. 74 τχ. 834 (Ιανουάριος 2007) - Τομ. 74 τχ. 845 (Δεκέμβριος 2007)</subfield>
   <subfield code="b">Main run</subfield>
  </datafield>
  <datafield tag="951" ind1=" " ind2=" ">
   <subfield code="a">Τομ. 75 τχ. 846 (Ιανουάριος 2008) - Τομ. 75 τχ. 855 (Οκτώβριος 2008)</subfield>
   <subfield code="b">Main run</subfield>
  </datafield>
  <datafield tag="951" ind1=" " ind2=" ">
   <subfield code="a">Τομ. 75 τχ. 856 (Νοέμβριος 2008)</subfield>
   <subfield code="b">Main run</subfield>
  </datafield>
  <datafield tag="951" ind1=" " ind2=" ">
   <subfield code="a">Τομ. 75 τχ. 857 (Δεκέμβριος 2008)</subfield>
   <subfield code="b">Main run</subfield>
  </datafield>
  <datafield tag="951" ind1=" " ind2=" ">
   <subfield code="a">Τομ. 76 τχ. 858 (Ιανουάριος 2009) - Τομ. 76 τχ. 869 (Δεκέμβριος 2009)</subfield>
   <subfield code="b">Main run</subfield>
  </datafield>
  <datafield tag="951" ind1=" " ind2=" ">
   <subfield code="a">Τομ. 77 τχ. 870 (Ιανουάριος 2010) - Τομ. 77 τχ. 876 (Ιούλιος 2010)</subfield>
   <subfield code="b">Main run</subfield>
  </datafield>
  <datafield tag="951" ind1=" " ind2=" ">
   <subfield code="a">Τομ. 77 τχ. 878 (Σεπτέμβριος 2010) - Τομ. 77 τχ. 881 (Δεκέμβριος 2010)</subfield>
   <subfield code="b">Main run</subfield>
  </datafield>
  <datafield tag="951" ind1=" " ind2=" ">
   <subfield code="a">Τομ. 78 τχ. 882 (Ιανουάριος 2011) - Τομ. 78 τχ. 893 (Δεκέμβριος 2011)</subfield>
   <subfield code="b">Main run</subfield>
  </datafield>
  <datafield tag="951" ind1=" " ind2=" ">
   <subfield code="a">Τομ. 79 τχ. 894 (Ιανουάριος 2012) - Τομ. 79 τχ. 897 (Απρίλιος 2012)</subfield>
   <subfield code="b">Main run</subfield>
  </datafield>
  <datafield tag="951" ind1=" " ind2=" ">
   <subfield code="a">Τομ. 79 τχ. 899 (Ιούνιος 2012) - Τομ. 79 τχ. 905 (Δεκέμβριος 2012)</subfield>
   <subfield code="b">Main run</subfield>
  </datafield>
  <datafield tag="951" ind1=" " ind2=" ">
   <subfield code="a">Τομ. 80 τχ. 906 (Ιανουάριος 2013) - Τομ. 80 τχ. 917 (Δεκέμβριος 2013)</subfield>
   <subfield code="b">Main run</subfield>
  </datafield>
  <datafield tag="951" ind1=" " ind2=" ">
   <subfield code="a">Τομ. 81 τχ. 918 (Ιανουάριος 2014) - Τομ. 81 τχ. 919 (Φεβρουάριος 2014)</subfield>
   <subfield code="b">Main run</subfield>
  </datafield>
  <datafield tag="951" ind1=" " ind2=" ">
   <subfield code="a">Ειδική έκδοση γυναίκα μάνατζερ Απρίλιος 2002</subfield>
   <subfield code="b">Supplements</subfield>
  </datafield>
  <datafield tag="951" ind1=" " ind2=" ">
   <subfield code="a">Ειδική έκδοση για τους Ολυμπιακούς αγώνες της Αθήνας τχ.2,τχ.3,τχ.4,τχ.5</subfield>
   <subfield code="b">Supplements</subfield>
  </datafield>
  <datafield tag="951" ind1=" " ind2=" ">
   <subfield code="a">Ειδική έκδοση Χριστούγεννα 2002</subfield>
   <subfield code="b">Supplements</subfield>
  </datafield>
  <datafield tag="951" ind1=" " ind2=" ">
   <subfield code="a">Ειδική έκδοση για τους Ολυμπιακούς αγώνες τχ.6</subfield>
   <subfield code="b">Supplements</subfield>
  </datafield>
  <datafield tag="951" ind1=" " ind2=" ">
   <subfield code="a">Ειδική έκδοση για τους Ολυμπιακούς αγώνες τχ.7</subfield>
   <subfield code="b">Supplements</subfield>
  </datafield>
  <datafield tag="952" ind1=" " ind2=" ">
   <subfield code="a">1996, 64(714,720)1997, 65(727,736)1998</subfield>
  </datafield>
  <datafield tag="952" ind1=" " ind2=" ">
   <subfield code="a">28(322-325)1961, 29(328,333-335,337)1962, 30(341,343,348)1963, 44(507,514,517,518)1977, 1984, 1987, 62(702)1995,</subfield>
  </datafield>
 </record>
</collection>
